Score 0/28 Timer 03:00
0 Plays Today
Clue 4-Letter Word % Correct
Where to play Marco PoloPOOL
95.2%
Where boats tie upDOCK
94.9%
Borrowed without permissionTOOK
94.1%
DIY implementTOOL
94%
Cash repositoryBANK
93.7%
Cost of a bus rideFARE
93.4%
Reverse sideBACK
91.8%
Half-a-second soundTOCK
91.8%
Like a skinny-dipperBARE
89.3%
Binding material; musical groupBAND
87.8%
~Area that forms the roof of cabins built in the rear part of a ship: [rung 1][rung 7]~
~A sailor who does work that doesn't require special training: [rung 7][rung 12]~
~DECK~
84.3%
American singer with breakthrough single 'Loser'BECK
83.8%
Hornet relativeWASP
83.8%
Medieval entertainerBARD
82.2%
Clue 4-Letter Word % Correct
Book with some weight to itTOME
81.7%
Movement of seawaterTIDE
81.6%
Thin coat of paint; cleanse with waterWASH
78.5%
~At an unspecified or unknown point in the past or future: [rung 19][rung 21]~
~Song of 'The Rocky Horror Picture Show': [rung 21][rung 28]~
~TIME~
78.3%
Express a desire forWISH
77.2%
Type of candy or ciderHARD
77%
~A sailor who does work that doesn't require special training: [rung 7][rung 12]~
~Pleasing to look at: [rung 12][rung 19]~
~HAND~
75.5%
Off the mark; extending farWIDE
71.7%
Widespread reputationFAME
71.4%
Possessing inside informationWISE
67.9%
~Area that forms the roof of cabins built in the rear part of a ship: [rung 1][rung 7]~~POOP~
65.9%
As beforeSAME
63.2%
~Pleasing to look at: [rung 12][rung 19]~
~At an unspecified or unknown point in the past or future: [rung 19][rung 21]~
~SOME~
63%
~Song of 'The Rocky Horror Picture Show': [rung 21][rung 28]~~WARP~
60.6%

Today's Daily Dose

Missing Word
TV NA - NZ

Word Ladder
Neck and Neck

Quick Pick
'Q' Places

You're not logged in!

Compare scores with friends on all Sporcle quizzes.
OR
Log In

Sporcle TV

Today on Sporcle TV


Watch our educational content, quiz creation guides, and fun videos on Sporcle TV.

Show Comments

Extras

Top Quizzes Today


Score Distribution

Paid Content

Your Account Isn't Verified!

In order to create a playlist on Sporcle, you need to verify the email address you used during registration. Go to your Sporcle Settings to finish the process.

Report this User

Report this user for behavior that violates our Community Guidelines.

Details: